000 00573nam a2200205Ii 4500
003 JO-AjNU
008 230605s9999||||xx |||||||||||||| ||und||
040 _aJO-AjNU
_bara
_erda
_cJO-AjNU
041 _aara
050 1 4 _aQA37.2 1982
100 3 _aاللحام ، أنور توفيق ,
_eauthor
_935719
245 0 0 _aالرياضيات
250 _aد.ط
264 3 1 _aدمشق: د.ن، 1982
300 _a80ص
336 _atext
_btxt
_2rdacontent
337 _aunmediated
_bn
_2rdamedia
338 _avolume
_bnc
_2rdacarrier
650 4 _aالرياضيات
_935720
999 _aA14774
_c18342
_d18342